UBT Library

HUMAN DISEASES (Record no. 5464)

000 -LEADER
fixed length control field 00288nam a22001337a 4500
008 - FIXED-LENGTH DATA ELEMENTS--GENERAL INFORMATION
fixed length control field 170214b xxu||||| |||| 00| 0 eng d
020 ## - INTERNATIONAL STANDARD BOOK NUMBER
International Standard Book Number 9781435427518
041 ## - LANGUAGE CODE
Language code of text/sound track or separate title eng
080 ## - UNIVERSAL DECIMAL CLASSIFICATION NUMBER
Edition identifier 3ED
Universal Decimal Classification number 61
100 ## - Rafti
Rafti 4 ED
101 ## - Shkurtesa
Shkurtesa SHM
245 ## - TITLE STATEMENT
Title HUMAN DISEASES
Statement of responsibility, etc NEIGHBORS
942 ## - ADDED ENTRY ELEMENTS (KOHA)
Source of classification or shelving scheme
Item type Books
Holdings
Withdrawn status Lost status Source of classification or shelving scheme Damaged status Not for loan Collection code Permanent location Current location Shelving location Date acquired Total Checkouts Full call number Barcode Date last seen Price effective from Koha item type
          Koleksioni i përgjithshem UBT - Lipjan UBT - Lipjan Koleksioni i përgjithshem 02/14/2017   61 NEI 002-038956 02/14/2017 02/14/2017 Books
          Koleksioni i përgjithshem UBT - Lipjan UBT - Lipjan Koleksioni i përgjithshem 02/14/2017   61 NEI 002-038936 02/14/2017 02/14/2017 Books
UBT Library © 2015-2024. All rights reserved University Education for Business and Technology